LEADER 00995cam2 22002773 450 001 SOBE00025850 005 20160105135019.0 100 $a20120601d1936 |||||ita|0103 ba 101 $aita 102 $aIT 200 0 $a1$fVittorio Cian 210 $aTorino$cGambino$d1936 215 $aXX, 393 p., [1] c. di tav.$critr.$d25 cm 461 1$1001TWSOB00001573$12001 $aScritti minori / Vittorio Cian : con un ritratto e la bibliografia degli scritti dell'autore 700 1$aCian$b, Vittorio$3AF00014169$4070$0151775 801 0$aIT$bUNISOB$c20160105$gRICA 850 $aUNISOB 852 $aUNISOB$j850$m666 852 $aUNISOB$j850$m1892 912 $aSOBE00025850 940 $aM 102 Monografia moderna SBN 941 $aW 957 $a850$b001031$i-1$gSI$d666$tO$1catenacci$2UNISOB$3UNISOB$420120601102612.0$520120601102643.0$6catenacci 957 $a850$b000225$i-1$gSI$d1892$1rovito$2UNISOB$3UNISOB$420150330112029.0$520150330112104.0$6rovito 996 $a1$91717568 997 $aUNISOB LEADER 00999cam0 2200265 450 001 E600200035608 005 20210720092933.0 100 $a20080314h1989 |||||ita|0103 ba 101 $apor 102 $aPT 200 1 $aCultura e Opulência do Brasil$fAndré João Antonil$e[direccao, Luis de Albuquerque$eintroducao, Isabel Castro Henriques e Alfredo Margarido] 210 $aLisboa$cAlfa$dc1989 215 $a164 p.$d19 cm 225 2 $aBiblioteca de expansão portuguesa$v5 410 1$1001LAEC00024743$12001 $a*Biblioteca de expansão portuguesa$v5 700 1$aAntonil$b, André João$3A600200047376$4070$0678050 801 0$aIT$bUNISOB$c20210720$gRICA 850 $aUNISOB 852 $aUNISOB$j900|Coll|43|K$m83196 912 $aE600200035608 940 $aM 102 Monografia moderna SBN 941 $aM 957 $a900|Coll|43|K$b000040$gSi$d83196$1massimo$2UNISOB$3UNISOB$420080314103455.0$520210720092910.0$6rovito 996 $aCultura e opulencia do Brasil$91291809 997 $aUNISOB